| 000 | 00548 a2200217 4500 | ||
|---|---|---|---|
| 005 | 20260401115159.0 | ||
| 008 | 260325b |||||||| |||| 00| 0 eng d | ||
| 020 |
_a9781041029458 _cRs. 1195.00 |
||
| 040 | _aMAIN | ||
| 082 |
_a350 _bC349P |
||
| 100 | _aChakrabarty, Bidyut | ||
| 245 | _aPublic administration | ||
| 260 |
_bRoutledge _c2025 _aLondon |
||
| 300 | _axi, 602 | ||
| 650 | _aCivil Service | ||
| 650 | _aPublic Policy | ||
| 650 | _aBureaucracy | ||
| 650 | _aLocal Government | ||
| 700 | _aKandpal, Prakash Chand | ||
| 942 | _cBK | ||
| 999 |
_c394514 _d394514 |
||